000 01028nam a2200277Ia 4500
003 OSt
005 20221005111710.0
006 a|||||r|||| 00| 0
007 ta
008 221004b |||||||| |||| 00| 0 hin d
020 _c250
024 _a17281
037 _bBR8455, 23/03/2015, Rajkamal Prakashan Pvt. Ltd.
_cTextual
040 _aCRL
_cCRL
_bhin
041 _2hin
_ahin
082 _aO152,3N212,KC, K6;Q3
100 _aरेणु, फणीश्वरनाथ
245 0 _aकितने चौराहे
246 _aKitane chaurāhe
250 _a2 संस्करण
260 _aबिहार
_bफणीश्वरनाथ रेणु समाज सेवा संस्थान भारत
_c2013
300 _a135पृ0
_ccm.
650 _aहिन्दी साहित्य
942 _hO152,3N212,KC, K6;Q3
_cTEXL
_2cc
999 _c1022624
_d1022624